000 00694nam a2200217Ia 4500
003 GCL
008 140319s9999 xx 000 0 ara d
040 _aGCL /
_cGCL
082 0 4 _a801.95
_bف ق
100 1 _aعبدالحميد ابراهيم
245 1 0 _aفى النقد والادب: الاادب الاسطورة ادب الالتزام /
_cعبدالحميد ابراهيم
700 1 _aفراى، هيرمان نورثروب
700 1 _aاديريث، ماكس
260 _a[S.N] :
_bمكتبة النهضة المصرية ،
_c1989
300 _a159 ص
490 _a
650 0 4 _aالنقد
650 0 4 _aالادب
650 0 4 _aتاريخ ونقد
942 _2ddc
_cBK
999 _c29729
_d29729